000 00205nam a22001217a 4500
040 _cSK
082 _a574
100 _aNA
245 _aEcology
260 _aCC
_bCAR
_c1995
300 _a88p.
942 _cEK
999 _c9488
_d9488